Digital image processing(Piks inside) (Record no. 168319)

MARC details
000 -LEADER
fixed length control field 00370nam a2200145Ia 4500
008 - FIXED-LENGTH DATA ELEMENTS--GENERAL INFORMATION
fixed length control field 231217s9999 xx 000 0 und d
041 ## - LANGUAGE CODE
Language code of text/sound track or separate title English
082 ## - DEWEY DECIMAL CLASSIFICATION NUMBER
Classification number 621.367 PRA;1 `R'
100 ## - MAIN ENTRY--PERSONAL NAME
Personal name Pratt, William K
245 #0 - TITLE STATEMENT
Title Digital image processing(Piks inside)
250 ## - EDITION STATEMENT
Edition statement 3rd ed.
260 ## - PUBLICATION, DISTRIBUTION, ETC.
Date of publication, distribution, etc. 2001
Name of publisher, distributor, etc. New York : John Wiley,
300 ## - PHYSICAL DESCRIPTION
Extent xix+735
942 ## - ADDED ENTRY ELEMENTS (KOHA)
Koha item type Books
Holdings
Date last seen Total checkouts Full call number Accession number Uniform resource identifier Cost, total (INR) price Price effective from Category Lost status Damaged status Department Withdrawn status Home library Current library Entry date Vendor Cost, normal purchase price Grants Billnumber Billdate Currency symbol Conversion rate Discount Old discount
26/01/2024   621.367 PRA;1 `R' 19292 digital/contents/19293.pdf 4738.42 15/01/2002 Books     Central Library   Central Library Central Library 15/01/2003 Ell Enn books 109.95 EC 2001/INV/000192 07/06/2004 RS 50.7 16.49 15
26/01/2024   621.367 PRA;2 `R1' 19293 digital/contents/19293.pdf 4738.42 15/01/2002 Books     Central Library   Central Library Central Library 15/01/2003 Ell Enn books 109.95 EC 2001/INV/000192 07/06/2004 RS 50.7 16.49 15

© For any Suggestions or Query, please contact the library staff @ librarian@pes.edu or Phone: +9180 2672 1983/ 2108.